QULITY CONTROL SYSTEMS (Record no. 127436)

MARC details
000 -LEADER
fixed length control field 00321pam a2200133 a 4500
020 ## - INTERNATIONAL STANDARD BOOK NUMBER
Terms of availability
041 ## - LANGUAGE CODE
Language code of original
082 ## - DEWEY DECIMAL CLASSIFICATION NUMBER
Classification number 658.562
Item number FET
100 ## - MAIN ENTRY--PERSONAL NAME
Personal name FETTER R.B.,
245 ## - TITLE STATEMENT
Title QULITY CONTROL SYSTEMS
Medium Textual Documents
260 ## - PUBLICATION, DISTRIBUTION, ETC.
Place of publication, distribution, etc. BOMBAY
Name of publisher, distributor, etc. D.B. TARAPORENVALA SONS and CO PVT LTD
Date of publication, distribution, etc. 1967
300 ## - PHYSICAL DESCRIPTION
Extent VII+141
930 ## - EQUIVALENCE OR CROSS-REFERENCE-UNIFORM TITLE HEADING [LOCAL, CANADA]
Uniform title 7980
Holdings
Withdrawn status Lost status Damaged status Not for loan Collection Home library Current library Date acquired Total Checkouts Full call number Barcode Date last seen Copy number Price effective from Koha item type
          Institute of Management & Entrepreneurship Development, Pune Institute of Management & Entrepreneurship Development, Pune 18/04/2011   658.562 FET IMP-IM-6213 01/03/2023 1 01/03/2023 Book